Регионална библиотека "Любен Каравелов" - Русе

Големият артист Сава Огнянов (Запис номер 508425)

MARC детайли
000 -Лидер
Лидер 01231aaa a2200265 a 4500
003 - Код на организацията, давaща контролен номер
Код на организацията, даваща контролен номер BLK
005 - Дата и час на последна редакция
Дата и час на последна редакция 20240410100430.0
007 - Фиксирано поле за физическо описани
Физическо описание ta
008 - Елементи от данни с фиксирана дължина
Елементи с фиксирана дължина 221104b bu |||||r|||| 00| | bu d
040 ## - Източник на каталожния запис
Код на библиотеката BLK
041 ## - Код за език
Език Български
Език за КДБФ Български
080 ## - УДК
УДК текст Актьори, театрални
УДК код 792.071.2
УДК – определител (092)
УДК – код + определител 792.071.2(092)
080 ## - УДК
УДК текст Български актьор и режисьор
УДК код 929 Огнянов, Сава Петров
УДК – код + определител 929 Огнянов, Сава Петров
100 1# - Редна дума - Автор
R(LIN) 93914
Автор Масалитинов, Николай Осипович
245 ## - Сведения за заглавието
Заглавие Големият артист Сава Огнянов
Подзаглавни данни Пред 50 годишнината на Народния театър Кръстьо Сарафов
Авторска отговорност Николай Масалитинов
300 ## - Физическа характеристика
Брой страници № 281, 26 ноем. 1954
600 #0 - Име на лице, използвано като предмет
9 (RLIN) 492075
За него / За нея Огнянов, Сава Петров
653 ## - Ключова дума – ненормативна
9 (RLIN) 195965
Ключови думи Сава Огнянов
653 ## - Ключова дума – ненормативна
9 (RLIN) 182669
Ключови думи български артисти
653 ## - Ключова дума – ненормативна
9 (RLIN) 195878
Ключови думи русенци
773 0# - Описание на основна библиографска единица при аналитични записи (многотомни)
Заглавие на източника НАРОДНА МЛАДЕЖ
Място на издаване, издател и година ЦК на ДКМС 1944
Международен стандартен номер на серията ISSN 0205-1117
Контролен номер на записа 292291
Информация за връзката . //
856 ## - Електронен адрес и достъп
Инструкция (цена за достъп) 0.00
Права за достъп disable
942 ## - АРТИКУЛИ
Източник на класификационната схема Universal Decimal Classification
Вид на библиотечния документ Статия
Скрит в OPAC Не
944 ## - СЪЗДАВАНЕ И РЕДАКЦИЯ на ЗАПИСА
Създаване/Редакция
Дата на регистрацията/редакция Вася Ганчева
Служител, извършил регистрацията/редакцията 30549
Номер на служител Вася Ганчева
999 ## - СИСТЕМНИ КОНТРОЛНИ НОМЕРА
Koha biblionumber 508425
Koha biblioitemnumber 508425

Няма налични копия.

Vip Innovations Ltd, Rousse, Bulgaria 2025